Revolutionizing the service industry with open AI models /

Bibliographic Details
Corporate Author: IGI Global Online
Other Authors: Demir, Mahmut, 1970- (Editor), Dalgiç, Ali, 1987- (Editor)
Format: eBook
Language:English
Published: Hershey, PA : Business Science Reference, an imprint of IGI Global, [2024]
Series:Advances in hospitality, tourism, and the services industry book series.
Subjects:
Online Access:Connect to the full text of this electronic book

MARC

Tag First Indicator Second Indicator Subfields
LEADER 00000nam a2200000 i 4500
001 in00004792513
003 OCoLC
005 20240506132615.4
006 m o d
007 cr cnu---unuuu
008 240226s2024 paua ob 000 0 eng
010 |a  2024002198 
024 8 |a 40032307479 
040 |a DLC  |b eng  |e rda  |c DLC  |d OCLCO  |d YDX 
020 |a 9798369312407  |q electronic book 
020 |z 9798369312391  |q hardcover 
035 |a (OCoLC)1425946676 
042 |a pcc 
050 4 |a QA76.76.C52  |b R48 2024 
082 0 0 |a 658/.0563  |2 23/eng/20240310 
245 0 0 |a Revolutionizing the service industry with open AI models /  |c Mahmut Demir, Ali Dalgıç. 
246 3 |a Revolutionizing the service industry with open artificial intelligence models 
264 1 |a Hershey, PA :  |b Business Science Reference, an imprint of IGI Global,  |c [2024] 
300 |a 1 online resource ( xviii, 315 pages) :  |b illustrations (some color). 
336 |a text  |b txt  |2 rdacontent 
337 |a computer  |b c  |2 rdamedia 
338 |a online resource  |b cr  |2 rdacarrier 
490 1 |a Advances in hospitality, tourism, and the services industry (AHTSI) book series 
504 |a Includes bibliographical references. 
505 0 |a Investigating the service quality of chatbots on telecom service providers' websites and apps / Eli Fianu, Fred Amankwah-Sarfo, Ernest Affum, William Brown-Acquaye -- Consumers' drivers of generative pre-trained transformer (GPT) conversational bot adoption : GPT adoption / Omar Fares, Queenie Zhu, Seung Hwan (Mark) Lee, Joseph Aversa -- Innovations with ChatGPT in the tourism industry : current challenges and opportunities / Sirvan Demir -- Examining the task-technology fit of ChatGPT for health care services / Eli Fianu, Fred Amankwah-Sarfo, Margaret Ofori -- Exploring the transformative role of ChatGPT in marketing : opportunities, challenges, and future directions / Patrick Anim, George Agbemabiese, Fidelis Quansah, Gloria Sraha -- Data privacy and security safeguarding customer information in ChatGPT systems / Wasswa Shafik. 
588 |a Description based on online resource; title from digital title page (viewed on May 06, 2024). 
630 0 0 |a ChatGPT. 
650 0 |a Chatbots. 
650 0 |a Service industries  |x Data processing. 
650 6 |a Services (Industrie)  |0 (CaQQLa)201-0027729  |x Informatique.  |0 (CaQQLa)201-0380011 
655 7 |a Electronic books.  |2 local 
700 1 |a Demir, Mahmut,  |d 1970-  |e editor. 
700 1 |a Dalgiç, Ali,  |d 1987-  |e editor. 
710 2 |a IGI Global Online 
776 1 8 |i Print version:  |t Revolutionizing the service industry with open AI models  |d Hershey PA : Business Science Reference, [2024]  |z 9798369312391  |w (DLC) 2024002197 
830 0 |a Advances in hospitality, tourism, and the services industry book series. 
856 4 0 |u http://proxy.library.tamu.edu/login?url=https://dx.doi.org/10.4018/979-8-3693-1239-1  |z Connect to the full text of this electronic book  |t 0 
945 |b 92141 
955 |a YBP purchased approval e-records 
980 |b ebook  |c 40032307479  |f NONFIC/B  |g 565751  |k USD  |m 232.00  |q 1  |s AcqMono Conventional  |t Approval plan  |u Vendor order reference number  |v ZYBP  |y E-approvals  |z Electronic resource 
999 f f |i 10e48186-3fe5-4e8f-a966-383d8658ce1f  |s b9adf276-e050-4315-a439-5a3bb47df72d  |t 0 
952 f f |a Texas A&M University  |b College Station  |c Electronic Resources  |s www_evans  |d Available Online  |t 0  |e QA76.76.C52 R48 2024  |h Library of Congress classification